Szczegóły MARC21

The emergence of Mexican American : recovering stories of Mexican peoplehood in U.S. culture /

003 -Nazwa inst., której nr kontr. jest w polu 001 [,]
    • @
    • Nazwa instytucji, której n kontrolny jest w polu 001
    • NUKAT
005 -DATA I CZAS OSTATNIEJ MODYFIKACJI [,]
    • @
    • pole kontrolne
    • 20241231094650.0
020 -Międzynarod. znormalizowany nr książki - ISBN [ , ]
    • a
    • Numer ISBN
    • 9780814775578 Find
    • q
    • Dopowiedzenie
    • cloth: alk. paper
020 -Międzynarod. znormalizowany nr książki - ISBN [ , ]
    • a
    • Numer ISBN
    • 0814775578 Find
    • q
    • Dopowiedzenie
    • cloth: alk. paper
020 -Międzynarod. znormalizowany nr książki - ISBN [ , ]
    • a
    • Numer ISBN
    • 9780814775585 Find
    • q
    • Dopowiedzenie
    • pbk: alk. paper
020 -Międzynarod. znormalizowany nr książki - ISBN [ , ]
    • a
    • Numer ISBN
    • 0814775586 Find
    • q
    • Dopowiedzenie
    • pbk: alk. paper
040 -Instytucja sporządzająca opis [ , ]
    • a
    • Instytucja, która sporządziła opis (NP)
    • SZCZ U/MC
    • b
    • Język katalogowania
    • pol
    • e
    • Zasady katalogowania
    • rda
    • c
    • Instytucja, która sporządziła rekord (NP)
    • SZCZ U/MCs
044 -Kraj miejsca wydania [ , ]
    • a
    • Kraj miejsca wydania
    • Stany Zjednoczone po 1988
    • a
    • Kraj miejsca wydania
    • Wielka Brytania po 1988
942 -Rodzaj dokumentu [ , ]
    • c
    • Rodzaj dokumentu
    • Książka
100 -Hasło główne - nazwa osobowa [1, ]
    • a
    • Nazwa osobowa (NP)
    • Rivera, John-Michael
    • d
    • Daty biograficzne (NP)
    • (1969- ).
    • e
    • Rodzaj współpracy
    • Autor
    • 9
    • KHW
    • 691731
245 -Strefa tytułu i oznaczenia odpowiedzialności [1,4]
    • a
    • Tytuł
    • The emergence of Mexican American : Find
    • b
    • Ciąg dalszy tytułu (NP)
    • recovering stories of Mexican peoplehood in U.S. culture / Find
    • c
    • Pozostałe elementy strefy tytułu i oznaczenia odpowiedzialności (NP)
    • John-Michael Rivera.
260 -Strefa adresu wydawniczego [ , ]
    • a
    • Miejsce wydania (P)
    • New York ;
    • a
    • Miejsce wydania (P)
    • London :
    • b
    • Nazwa wydawcy (P)
    • New York University Press,
    • c
    • Data wydania (P)
    • © 2006.
300 -Strefa opisu fizycznego [ , ]
    • a
    • Określenie formy książki i/lub objętość (NP)
    • VIII, [2], 211 stron :
    • b
    • Oznaczenie ilustracji (NP)
    • ilustracje ;
    • c
    • Format (NP)
    • 23 cm.
336 -Typ zawartości [ , ]
    • a
    • Termin opisujący typ zawartości
    • Tekst
    • b
    • Kod określający zawartość
    • txt
    • 2
    • Źródło (terminu i kodu)
    • rdacontent
337 -Typ mediów [ , ]
    • a
    • Tryb odtwarzania
    • Bez urządzenia pośredniczącego
    • b
    • Kod typu mediów
    • n
    • 2
    • Źródło (terminu i kodu)
    • rdamedia
338 -Typ/rodzaj nośnika [ , ]
    • a
    • Hasło opisujące typ nośnika
    • Wolumin
    • b
    • Kod typu nośnika
    • nc
    • 2
    • Źródło (terminu i kodu)
    • rdacarrier
504 -Uwaga dot. bibliogr. załącznikowej [ , ]
    • a
    • Uwaga dot. bibliografii załącznikowej
    • Bibliografia na stronach 189-203. Indeks.
080 -Uniwersalna Klasyfikacja Dziesiętna [ , ]
    • 2
    • Identyfikator wydania tablic
    • UDC-P058
    • a
    • Symbol klasyfikacji
    • 316.347
    • b
    • Dopowiedzenie
    • Zróżnicowanie społeczne według pochodzenia narodowego, rasowego, etnicznego i religijnego. Mniejszości.
    • x
    • Poddział wspólny
    • (73)
    • b
    • Dopowiedzenie
    • (Stany Zjednoczone Ameryki Północnej. USA)
    • x
    • Poddział wspólny
    • =111
    • b
    • Dopowiedzenie
    • =Język angielski.
080 -Uniwersalna Klasyfikacja Dziesiętna [ , ]
    • 2
    • Identyfikator wydania tablic
    • UDC-P058
    • a
    • Symbol klasyfikacji
    • 314.15-026.48
    • b
    • Dopowiedzenie
    • Imigracja.
    • x
    • Poddział wspólny
    • (73)
    • b
    • Dopowiedzenie
    • (Stany Zjednoczone Ameryki Północnej. USA)
    • x
    • Poddział wspólny
    • =111
    • b
    • Dopowiedzenie
    • =Język angielski.
080 -Uniwersalna Klasyfikacja Dziesiętna [ , ]
    • 2
    • Identyfikator wydania tablic
    • UDC-P058
    • a
    • Symbol klasyfikacji
    • 316.7
    • b
    • Dopowiedzenie
    • Socjologia kultury. Kulturowy kontekst życia społecznego. Antropologia społeczna. Kultura różnych społeczeństw. Cywilizacja. Podkultury. Subkultury. Kultura masowa. Kultury różnych grup. Dynamika kultury. Akulturacja. Zmiana kulturowa. Rozprzestrzenianie się kultury. Sankcje społeczne. Uspołecznianie zachowań.
    • x
    • Poddział wspólny
    • =111
    • b
    • Dopowiedzenie
    • =Język angielski.
650 -Hasło przedmiotowe [ ,7]
    • a
    • Hasło przedmiotowe
    • Amerykanie pochodzenia meksykańskiego
    • x
    • Określnik rzeczowy
    • historia.
    • 2
    • Źródło terminu
    • kaba
    • 9
    • KHW
    • 663867
650 -Hasło przedmiotowe [ ,7]
    • a
    • Hasło przedmiotowe
    • Amerykanie pochodzenia meksykańskiego
    • x
    • Określnik rzeczowy
    • tożsamość etniczna.
    • 2
    • Źródło terminu
    • kaba
    • 9
    • KHW
    • 691765
650 -Hasło przedmiotowe [ ,7]
    • a
    • Hasło przedmiotowe
    • Amerykanie pochodzenia meksykańskiego
    • x
    • Określnik rzeczowy
    • akulturacja.
    • 2
    • Źródło terminu
    • kaba
    • 9
    • KHW
    • 691764
980 -Symbol UKD [ , ]
    • a
    • UKD
    • 316.347:314.15-026.48](73):316.7]=111
920 -ISBN [ , ]
    • a
    • ISBN
    • 978-0-8147-7557-8 Find
    • q
    • Dopowiedzenie
    • cloth: alk. paper
920 -ISBN [ , ]
    • a
    • ISBN
    • 0-8147-7557-8 Find
    • q
    • Dopowiedzenie
    • cloth: alk. paper
920 -ISBN [ , ]
    • a
    • ISBN
    • 978-0-8147-7558-5 Find
    • q
    • Dopowiedzenie
    • pbk: alk. paper
920 -ISBN [ , ]
    • a
    • ISBN
    • 0-8147-7558-6 Find
    • q
    • Dopowiedzenie
    • pbk: alk. paper
Sygnatura Status udost. Numer inwentarzowy Data inwentaryzacji Lokalizacja
ANG. Kultura Stanów Zjedn. 0761A.84552009-06-04BM